| Tag |
First Indicator |
Second Indicator |
Subfields |
| LEADER |
00000cam a2200000Ia 4500 |
| 001 |
in00002784025 |
| 005 |
20210728125010.0 |
| 006 |
m o d |
| 007 |
cr cnu---unuuu |
| 008 |
100416s2010 njua ob 001 0 eng d |
| 019 |
|
|
|a 643593320
|a 647888826
|a 775437957
|
| 020 |
|
|
|a 0470599898 (electronic bk.)
|
| 020 |
|
|
|a 1118270029 (electronic bk.)
|
| 020 |
|
|
|a 9780470599891 (electronic bk.)
|
| 020 |
|
|
|a 9781118270028 (electronic bk.)
|
| 020 |
|
|
|z 9780470358023 (pbk.)
|
| 035 |
|
|
|a (OCoLC)607552738
|z (OCoLC)643593320
|z (OCoLC)647888826
|z (OCoLC)775437957
|
| 035 |
|
|
|a (OCoLC)ocn607552738
|
| 035 |
|
|
|a 4040434
|
| 037 |
|
|
|a 10.1002/9781118270028
|b Wiley InterScience
|n http://www3.interscience.wiley.com
|
| 040 |
|
|
|a N$T
|b eng
|c N$T
|d YDXCP
|d EBLCP
|d CDX
|d IDEBK
|d E7B
|d FHM
|d OCLCQ
|d MHW
|d OCLCQ
|d DG1
|d REDDC
|d OCLCQ
|d TXA
|d UtOrBLW
|
| 049 |
|
|
|a TXAM
|
| 050 |
|
4 |
|a BF637.L53
|b P67 2010eb
|
| 072 |
|
7 |
|a PSY
|x 036000
|2 bisacsh
|
| 082 |
0 |
4 |
|a 155.9/35
|2 22
|
| 245 |
0 |
0 |
|a Posttraumatic growth and culturally competent practice :
|b lessons learned from around the globe /
|c edited by Tzipi Weiss and Roni Berger.
|
| 264 |
|
1 |
|a Hoboken, N.J. :
|b John Wiley & Sons,
|c [2010]
|
| 264 |
|
4 |
|c ©2010
|
| 300 |
|
|
|a 1 online resource (xxiv, 214 pages) :
|b illustrations
|
| 336 |
|
|
|a text
|b txt
|2 rdacontent
|
| 337 |
|
|
|a computer
|b c
|2 rdamedia
|
| 338 |
|
|
|a online resource
|b cr
|2 rdacarrier
|
| 500 |
|
|
|a Electronic resource.
|
| 504 |
|
|
|a Includes bibliographical references and indexes.
|
| 505 |
0 |
|
|a Posttraumatic Growth and Culturally Competent Practice: Lessons Learned from Around the Globe; Contents; Foreword; About the Editors; About the Contributors; Acknowledgments; Introduction; Chapter 1: The Posttraumatic Growth Model: Sociocultural Considerations; Chapter 2: Posttraumatic Growth in Israeli Jews; Chapter 3: Posttraumatic Growth in a Middle Eastern Context: Expression and Determinants of PTG among Palestinians; Chapter 4: Posttraumatic Growth in the Turkish Population; Chapter 5: Thriving in Postwar Kosova; Chapter 6: Trauma and Posttraumatic Growth in Germany.
|
| 520 |
|
|
|a "Posttraumatic Growth and Culturally Competent Practice: Lessons Learned from Around the Globe brings welcome attention to applying PTG to culturally competent practice worldwide. It delivers on the promise embedded in its title: lots of lessons within the fourteen chapters."--The Foreword by Charles R. Figley, PhD, Kurzweg Chair in Disaster Mental Health, Tulane University, New Orleans. The latest advances in the theoretical, empirical, and clinical aspects of Posttraumatic Growth. Posttraumatic Growth and Culturally Competent Practice offers contributions from an international group of experts in posttraumatic growth (PTG) within diverse cultures and subcultures. It uniquely illuminates the nature, meaning, and clinical implications of PTG across a wide range of sociocultural contexts.
|
| 588 |
|
|
|a Description based on print version record.
|
| 650 |
|
0 |
|a Disasters
|x Psychological aspects
|v Cross-cultural studies.
|
| 650 |
|
0 |
|a Life change events
|v Cross-cultural studies.
|
| 650 |
|
0 |
|a Psychic trauma
|v Cross-cultural studies.
|
| 650 |
|
7 |
|a PSYCHOLOGY
|x Mental Health.
|2 bisacsh
|
| 655 |
|
7 |
|a Electronic books.
|2 local
|
| 700 |
1 |
|
|a Berger, Roni.
|0 http://id.loc.gov/authorities/names/n91008310
|
| 700 |
1 |
|
|a Weiss, Tzipi.
|0 http://id.loc.gov/authorities/names/n2009057481
|
| 776 |
0 |
8 |
|i Print version:
|t Posttraumatic growth and culturally competent practice.
|d Hoboken, N.J. : John Wiley & Sons, c2010
|z 9780470358023
|w (DLC) 2009035906
|w (OCoLC)436358417
|
| 830 |
|
0 |
|a Wiley Online Library.
|
| 856 |
4 |
0 |
|u http://proxy.library.tamu.edu/login?url=https://dx.doi.org/10.1002/9781118270028
|z Connect to the full text of this electronic book
|t 0
|
| 948 |
|
|
|a cataloged
|b h
|c 2012/12/17
|d c
|e jlanham
|f 3:17:03 pm
|
| 994 |
|
|
|a C0
|b TXA
|
| 999 |
|
|
|a MARS
|
| 999 |
f |
f |
|s 5000441b-6617-3e25-8e49-0816eaa873b5
|i a14c8ab0-cc5c-3c49-8591-144cf4abf51c
|t 0
|
| 952 |
f |
f |
|a Texas A&M University
|b College Station
|c Electronic Resources
|d Available Online
|t 0
|e BF637.L53 P67 2010eb
|h Library of Congress classification
|
| 998 |
f |
f |
|a BF637.L53 P67 2010eb
|t 0
|l Available Online
|